Dlhopisy s vloženými opciami diplomová práca

Enregistré dans:
Détails bibliographiques
Auteur principal: Povodová, Veronika
Collectivité auteur: Fakulta hospodárskej informatiky EU. Katedra matematiky a aktuárstva
Autres auteurs: Kaderová, Andrea
Format: Livre
Langue:slovaque
Publié: Bratislava 2015
Tags: Ajouter un tag
Pas de tags, Soyez le premier à ajouter un tag!

MARC

LEADER 00000nbm a2200000 4500
001 0201583
005 20161212111959.1
041 0 |a slo 
044 |a SK 
245 1 0 |a Dlhopisy s vloženými opciami  |b diplomová práca  |c Veronika Povodová ; školiteľ: Andrea Kaderová 
264 1 |a Bratislava  |c 2015 
300 |a 63 s. 
100 1 |a Povodová, Veronika 
700 1 |a Kaderová, Andrea 
710 2 |a Fakulta hospodárskej informatiky EU. Katedra matematiky a aktuárstva